000 00543nam a2200193 i 4500
001 60721
003 ES-MaACL
005 20230906164307.0
007 t|
008 031106s1968 sp ||||1| cat d
100 1 _aEspinosa, Pere.
_947899
245 1 0 _aSocietat AnĂ³nima /
_cPere Espinosa.
260 _aBarcelona :
_bClub Editor,
_c1968.
300 _a207 p. ;
_c18 cm.
490 1 _aclub dels novel-listes ;
_v50
830 0 _aclub dels novel-listes ;
_v50
_9181515
852 _aES-MaACL
_jC-50280
_bR.71649
999 _c60721
_d60721